Movies Quiz

Random Movies or Actress Quiz

Any Acting Oscar Quiz Stats

 Plays Quiz not verified by Sporcle

Score 0/44 Timer 04:00
1 Play Today
Year and Films Best Actor Winner % Correct
1975
One Flew Over the Cuckoo's Nest
One Flew Over the Cuckoo's Nest
The Sunshine Boys
Shampoo
Jack Nicholson
95.7%
1972
The Godfather
Cabaret
Cabaret
Butterflies are Free
Marlon Brando
95.7%
1979
Kramer vs. Kramer
Norma Rae
Being There
Kramer vs. Kramer
Dustin Hoffman
95.4%
1982
Gandhi
Sophie's Choice
An Officer and a Gentleman
Tootsie
Ben Kingsley
94.3%
1980
Raging Bull
The Coal Miner's Daughter
Ordinary People
Melvin and Howard
Robert DeNiro
94.2%
1994
Forrest Gump
Blue Sky
Ed Wood
Bullets Over Broadway
Tom Hanks
93.1%
1987
Wall Street
Moonstruck
The Untouchables
Moonstruck
Michael Douglas
92.6%
1988
Rain Man
The Accused
A Fish Called Wanda
The Accidental Tourist
Dustin Hoffman
92.5%
1993
Philadelphia
The Piano
The Fugitive
The Piano
Tom Hanks
92.4%
1991
The Silence of the Lambs
The Silence of the Lambs
City Slickers
The Fisher King
Anthony Hopkins
92.2%
1990
Reversal of Fortune
Misery
Goodfellas
Ghost
Jeremy Irons
90.7%
1997
As Good As It Gets
As Good As It Gets
Good Will Hunting
L.A. Confidential
Jack Nicholson
90.5%
1989
My Left Foot
Driving Miss Daisy
Glory
My Left Foot
Daniel Day-Lewis
90%
2000
Gladiator
Erin Brockovich
Traffic
Pollock
Russell Crowe
90%
1977
The Goodbye Girl
Annie Hall
Julia
Julia
Richard Dreyfuss
89.6%
1995
Leaving Las Vegas
Dead Man Walking
The Usual Suspects
Mighty Aphrodite
Nicolas Cage
89.4%
1992
Scent of a Woman
Howards End
Unforgiven
My Cousin Vinny
Al Pacino
89.4%
1999
American Beauty
Boys Don't Cry
The Cider House Rules
Girl, Interrupted
Kevin Spacey
89.1%
1971
The French Connection
Klute
The Last Picture Show
The Last Picture Show
Gene Hackman
87.8%
2001
Training Day
Monster's Ball
Iris
A Beautiful Mind
Denzel Washington
87.8%
1996
Shine
Fargo
Jerry Maguire
The English Patient
Geoffrey Rush
87.5%
1974
Harry and Tonto
Alice Doesn't Live Here Anymore
The Godfather Part II
Murder on the Orient Express
Art Carney
87.3%
Year and Films Best Actor Winner % Correct
1981
On Golden Pond
On Golden Pond
Arthur
Reds
Henry Fonda
86.7%
1998
Life is Beautiful
Shakespeare in Love
Affliction
Shakespeare in Love
Roberto Benigni
86.5%
1970
Patton
Women in Love
Ryan's Daughter
Airport
George C. Scott
85.9%
2004
Ray
Million Dollar Baby
Million Dollar Baby
The Aviator
Jamie Foxx
85.9%
2002
The Pianist
The Hours
Adaptation
Chicago
Adrien Brody
85.8%
2003
Mystic River
Monster
Mystic River
Cold Mountain
Sean Penn
85.3%
1978
Coming Home
Coming Home
The Deer Hunter
California Suite
Jon Voight
83.9%
1986
The Color of Money
Children of a Lesser God
Hannah and Her Sisters
Hannah and Her Sisters
Paul Newman
83.9%
2005
Capote
Walk the Line
Syriana
The Constant Gardener
Phillip Seymour Hoffman
83.8%
1983
Tender Mercies
Terms of Endearment
Terms of Endearment
The Year of Living Dangerously
Robert Duvall
82.3%
2006
The Last King of Scotland
The Queen
Little Miss Sunshine
Dreamgirls
Forest Whitaker
81.7%
2008
Milk
The Reader
The Dark Knight
Vicky Cristina Barcelona
Sean Penn
81.7%
2007
There Will Be Blood
La Vie en Rose
No Country for Old Men
Michael Clayton
Daniel Day-Lewis
80.5%
2009
Crazy Heart
The Blind Side
Inglourious Basterds
Precious
Jeff Bridges
79.4%
1984
Amadeus
Places in the Heart
The Killing Fields
A Passage to India
F. Murray Abraham
79.1%
2010
The King's Speech
Black Swan
The Fighter
The Fighter
Colin Firth
79.1%
1973
Save the Tiger
A Touch of Class
The Paper Chase
Paper Moon
Jack Lemmon
79%
2012
Lincoln
Silver Linings Playbook
Django Unchained
Les Misérables
Daniel Day-Lewis
76.5%
1976
Network
Network
All the President's Men
Network
Peter Finch
76.2%
2011
The Artist
The Iron Lady
Beginners
The Help
Jean Dujardin
75.9%
2013
Dallas Buyers Club
Blue Jasmine
Dallas Buyers Club
12 Years a Slave
Matthew McConaughey
72.9%
1985
Kiss of the Spider Woman
The Trip to Bountiful
Cocoon
Prizzi's Honor
William Hurt
71.9%

You're not logged in!

Compare scores with friends on all Sporcle quizzes.
OR
Log In

Sporcle TV

Today on Sporcle TV


Watch our educational content, quiz creation guides, and fun videos on Sporcle TV.

Show Comments

Extras

Top Quizzes Today


Score Distribution

Your Account Isn't Verified!

In order to create a playlist on Sporcle, you need to verify the email address you used during registration. Go to your Sporcle Settings to finish the process.

Report this User

Report this user for behavior that violates our Community Guidelines.

Details: